Mimi & Líza /

Hlavní autor: Kerekesová, Katarína, 1974-
Další autoři: Moláková, Katarína, 1977-, Salmela, Alexandra, 1980-, Šima, Boris, 1977-, Šebestová, Ivana, 1979-, Svobodová, Radka
Jazyk: Čeština
Vydáno: Praha : Slovart ;Fool Moon, [2017]
Vydání: První české vydání
Témata:
Fyzický popis: 2 svazky (165; 163 stran ) : barevné ilustrace ; 21 cm
Knihy
Uloženo v:
LEADER 02411nam a2200565 ia4500
001 nkc20172900055
003 CZ PrNK
005 20250326125946.0
007 ta
008 170530s2017 xr a b 000 j cze
015 |a cnb002900055 
020 |a 978-80-7529-279-7  |q (1 ;  |q Slovart ;  |q vázáno) 
020 |a 978-80-7529-309-1  |q (2 ;  |q Slovart ;  |q vázáno) :  |c Kč 299,00 
035 |a (OCoLC)993640817 
040 |a ABA001  |b cze  |e rda 
041 1 |a cze  |h slo 
044 |a xr  |a xo 
072 7 |a 821.162.4  |x Slovenská literatura  |2 Konspekt  |9 25 
072 7 |a 821-93  |x Literatura pro děti a mládež (beletrie)  |2 Konspekt  |9 26 
080 |a 821.162.4-32  |2 MRF 
080 |a 821-93  |2 MRF 
080 |a (0:82-32)  |2 MRF 
100 1 |a Kerekesová, Katarína,  |d 1974-  |7 xx0184456  |4 ccp  |4 ill 
245 1 0 |a Mimi & Líza /  |c napsaly Katarína Kerekesová, Katarína Moláková, Alexandra Salmela ; ilustrovali Katarína Kerekesová, Boris Šima, Ivana Šebestová 
246 1 |i Název v tiráži:  |a Mimi a Líza 
250 |a První české vydání 
264 1 |a Praha :  |b Slovart ;  |a [Vištuk] :  |b Fool Moon,  |c [2017] 
300 |a 2 svazky (165; 163 stran ) :  |b barevné ilustrace ;  |c 21 cm 
336 |a text  |b txt  |2 rdacontent 
336 |a statický obraz  |b sti  |2 rdacontent 
337 |a bez média  |b n  |2 rdamedia 
338 |a svazek  |b nc  |2 rdacarrier 
500 |a "Podle námětu Kataríny Kerekešové a Kataríny Molákové napsala Alexandra Salmela"--Tiráž 
500 |a Ze slovenštiny? přeložila Radka Svobodová 
500 |a Název na obálce 2. dílu též v Brailleově písmu 
655 7 |a slovenské příběhy  |7 fd183398  |2 czenas 
655 7 |a publikace pro děti  |7 fd133156  |2 czenas 
655 9 |a Slovak stories  |2 eczenas 
655 9 |a children's literature  |2 eczenas 
700 1 |a Moláková, Katarína,  |d 1977-  |7 xx0202858  |4 ccp 
700 1 |a Salmela, Alexandra,  |d 1980-  |7 osa2012694269  |4 aut 
700 1 |a Šima, Boris,  |d 1977-  |7 xx0202854  |4 ill 
700 1 |a Šebestová, Ivana,  |d 1979-  |7 xx0202855  |4 ill 
700 1 |a Svobodová, Radka  |7 mzk2006367987  |4 trl 
910 2 |a BOA001  |b 1-1390.556 
990 |a BK 
995 |a 01 
991 |b 201706  |c NOV 
996 6 |b 2610710661  |c 1-1390.556  |d 1. díl  |v 1  |l MZK  |r Sklad / do 1 hodiny  |n 1  |p p.v.  |w 001615931  |u 000010  |a 1  |e BOA001  |j MZK50  |s P 
996 6 |b 2610710662  |c 1-1390.556  |d 2. díl  |v 2  |l MZK  |r Sklad / do 1 hodiny  |n 1  |p p.v.  |w 001615931  |u 000020  |a 1  |e BOA001  |j MZK50  |s P